| 000 | 01173cam a2200325 4500 | ||
|---|---|---|---|
| 008 | 020722n2002 000 0 eng u | ||
| 020 | _a1842630652 | ||
| 035 | _a(Sirsi) u118956 | ||
| 041 | _aeng. | ||
| 050 | _a306.13 | ||
| 100 | _aBartlett, K. | ||
| 245 | _aConsumer choice in house buying: the beginnings of a house buyer revolt | ||
| 260 |
_aYork _bJoseph Rowntree Foundation _c2002 |
||
| 300 |
_axii,120p. _c24cm. |
||
| 350 | _a9.95 | ||
| 520 | _aA collection of essays reviewing the current state of the house-building industry in the UK. The essays describe an industrial culture which has historically paid little attention to consumer opinion, leaving house builders with problems of public image, customer perception and customer satisfaction. | ||
| 650 | _aHOUSE BUILDING | ||
| 650 | _aNEW BUILD | ||
| 650 | _aCONSUMER PREFERENCES | ||
| 650 | _aPROPERTY-RESIDENTIAL PROPERTY-ACQUISITION AND DISPOSAL OF RESIDENTIAL PROPERTY | ||
| 690 | _aHOUSING | ||
| 700 | _aPotter, M. | ||
| 700 | _aMeikle, J. | ||
| 700 | _aOzaki, R. | ||
| 700 | _aHakes, J. | ||
| 700 | _aYoung, R. | ||
| 700 | _aDuffy, F. | ||
| 700 | _aHooper, A. | ||
| 942 | _n0 | ||
| 999 |
_c102217 _d102217 |
||